Principles of medical biochemistry. (3rd ed.) (Record no. 32504)

MARC details
000 -LEADER
fixed length control field 00774nam a2200205 a 4500
008 - FIXED-LENGTH DATA ELEMENTS--GENERAL INFORMATION
fixed length control field 150227s2012 ||||||||||||||||| || u
020 ## - INTERNATIONAL STANDARD BOOK NUMBER
International Standard Book Number 9780323071550
050 ## - LIBRARY OF CONGRESS CALL NUMBER
Classification number QP 514.2 Mei
100 ## - MAIN ENTRY--PERSONAL NAME
Personal name Meisenberg, Gerhard
245 10 - TITLE STATEMENT
Title Principles of medical biochemistry. (3rd ed.)
Statement of responsibility, etc. By Gerhard Meisenberg [and] William H. Simmons
250 ## - EDITION STATEMENT
Edition statement 3rd ed.
260 ## - PUBLICATION, DISTRIBUTION, ETC.
Place of publication, distribution, etc. Philadelphia
Name of publisher, distributor, etc. Elsevier Saunders
Date of publication, distribution, etc. 2012
300 ## - PHYSICAL DESCRIPTION
Extent xii, 588p.: ill.
350 ## -
-- 77.95
650 #0 - SUBJECT ADDED ENTRY--TOPICAL TERM
Topical term or geographic name entry element MOLECULAR BIOLOGY
650 ## - SUBJECT ADDED ENTRY--TOPICAL TERM
Topical term or geographic name entry element BIOCHEMISTRY
650 ## - SUBJECT ADDED ENTRY--TOPICAL TERM
Topical term or geographic name entry element CLINICAL BIOCHEMISTRY
650 ## - SUBJECT ADDED ENTRY--TOPICAL TERM
Topical term or geographic name entry element BIOCHEMICAL PHENOMENA
995 ## -
-- MEDICAL LIBRARY OPEN ACCESS
-- 902942
-- CBU-SCHOOL OF MEDICINE LIBRARY (Ndola)
-- 77.95
-- QP 514.2 Mei
-- 1
-- AVAILABLE
-- Mar 17, 2015
-- 902942
-- Medical Library Open Access Collection
999 ## -
-- 32504
-- 32504
Holdings
Withdrawn status Lost status Source of classification or shelving scheme Damaged status Not for loan Permanent Location Current Location Shelving location Date acquired Total Checkouts Full call number Barcode Date last seen Price effective from Koha item type
          CBU-SCHOOL OF MEDICINE LIBRARY, NDOLA. CBU-SCHOOL OF MEDICINE LIBRARY, NDOLA.   11/30/2022   QP 514.2 Mei 902942 11/30/2022 11/30/2022 MONOGRAPH